000 01114naa a22003377a 4500
001 BR6009275
003 BR-BrBNA
005 20240918172958.0
007 ta
008 230509b bl.||||| |||| 00| 0 por d
040 _aBR-BrBNA
_bpor
_cBiblioteca Nacional de Agricultura
041 _a(Pt)
072 _aP10
_b9927
_bGZ52
090 _aP10 BR6009275
100 1 _aCoutinho, A. de O.
111 1 _aJornada de Economia Rural
_cSao Paulo, SP (Brazil)
_dNov 1942
245 1 _aSaneamento rural - agua como elemento essencial de salubridade [Recurso da agua]
260 3 _aSao Paulo, SP (Brasil):
_c1947.
500 _aAnais da Jornada de Economia Rural Sao Paulo, SP (Brasil): 1947. p. 205-213 (BR6009275-AM)P10
650 _aRecurso hidrico
650 _aAgua potavel
650 _aAgua
650 _aChuva
650 _aPoco
650 _aAnalise quimica
650 _aTratamento da agua
650 _aSaneamento rural
773 0 _tAnais da Jornada de Economia Rural
_wP10 BR6009275
_gSao Paulo, SP (Brasil), 1947. p. 205-213
909 _a202404
_bLucia
_c55
_dLucia Elande
942 _cAM
_2AGRIS
999 _c302360
_d302360